• 首页
  • 本馆介绍
  • 公告通知
  • 最新文献
  • 馆藏检索
  • 电子资源
  • 读者导购
  • 参考咨询
  • 我的图书馆
  • 登录
  • 详细信息显示
  • 放入我的书架
  • 预约/预借图书
  • 作者相关作品
  • 分类相关作品
  • 丛书相关作品
  • 出版社相关作品

书目信息

  • 表格格式
  • 工作单格式
  • 卡片格式
题名:
系统可靠性实用计算方法
    
 
作者: 黄玉珩 著
分册:  
出版信息: 北京   科学出版社  1986
页数: 318页
开本: 20cm
丛书名:
单 册:
中图分类: O213.2 , N94
科图分类:
主题词: 可靠性--计算方法 , 系统理论 , 系统科学 , 系统工程
电子资源:
ISBN:
000 00744nam0 2200289 45
001 0186011275
005 20040524110304.9
010    @dCNY2.85
091    @a15031.760
100    @a19900818d1986 emky0chiy0121 ea
101 0  @achi
102    @aCN@b110000
105    @ay z 000yy
106    @ar
200 10 @a系统可靠性实用计算方法@Axi tong ke kao xing shi yong ji suan fang fa@f黄玉珩著
210    @a北京@c科学出版社@d1986
215    @a318页@d20cm
606    @a可靠性@x计算方法
606 0  @a系统理论
606 0  @a系统科学
606 0  @a系统工程
690    @aO213.2@v3
690    @aN94
701  0 @a黄玉珩@Ahuang yu hang@4著
801  0 @aCN@b深圳图书馆@c20040524
801  2 @aCN@bNLC@c20040524
905    @f1@b169488@dN94@e12
    
    系统可靠性实用计算方法/黄玉珩著.-北京:科学出版社,1986
    318页;20cm
    
    
    ISBN :CNY2.85
    
●
相关链接 在E读中查询图书 在五车中查询图书 在当当中查询图书 在豆瓣中查询图书


正题名:系统可靠性实用计算方法     索取号:N94/12         预约/预借

序号 登录号 条形码 馆藏地/架位号 状态 备注
1 0169488   001235023   第三借阅区/ [索取号:N94/12] 在馆    
2 0169489   001938960   密集书库/ [索取号:N94/12] 在馆    
3 0169490   001234970   第二样本阅览室/ [索取号:N94/12] 在馆    
唐山师范学院图书馆 欢迎您!
大连网信软件有限公司© 版权所有